| 000 | 00423cam a2200133 a 4500 | ||
|---|---|---|---|
| 020 |
_a0963874101 : _c$12.95 |
||
| 050 | 0 | 0 |
_aPS3558.U293 _bA17 1993 |
| 100 | 1 | _aHudson, Jean Barlow. | |
| 245 | 1 | 0 |
_aForeverness : _bthe collected poems of Jean Barlow Hudson / _cedited by Rex A. Hudson. |
| 260 |
_aYellow Springs, Ohio : _bFallen Timbers Press, _cc1993. |
||
| 300 | _axxii, 183 p. ; | ||
| 700 | 1 | _aHudson, Rex A. | |
| 942 |
_2lcc _cGEN |
||
| 999 |
_c9416 _d9416 |
||